000 00439nam a22001817a 4500
003 CEME
005 20210628203510.0
008 210420b xxu||||| |||| 00| 0 eng d
020 _a0-672-30399-X
040 _c.
082 _a005.133 TC LAF
100 _aLafore, Robert
_910251
245 _aC programming using turbo c ++
250 _a2ND
260 _aNEW YORK
_bISLAMIC PUBLICATIONS
_c1991
300 _a778 P
942 _cBK
_2ddc
999 _c573940
_d573940